| 000 | 00457nam a22001697a 4500 | ||
|---|---|---|---|
| 003 | NUST - PNEC | ||
| 005 | 20170116181023.0 | ||
| 008 | 150916b xxu||||| |||| 00| 0 eng d | ||
| 040 | _c9788120327238 | ||
| 082 | _a621.89 BAS | ||
| 100 |
_910746 _aBasu, S.K. |
||
| 245 |
_aFundamentals of tribology _cS.K. Basu |
||
| 260 |
_aNew Delhi: _bPHI Learning, _cc2005. |
||
| 300 | _a259 p. : | ||
| 650 |
_910747 _aTribology, Mechanical works _xME |
||
| 942 |
_2ddc _cBK |
||
| 999 |
_c67485 _d67485 |
||